| 000 | 00761cam a22002653a 4500 | ||
|---|---|---|---|
| 001 | 24439 | ||
| 003 | PGUSA | ||
| 005 | 20140828083524.0 | ||
| 008 | 080127s2008||||xxu|||||s|||||000 | eng d | ||
| 040 |
_aPGUSA _beng |
||
| 042 | _adc | ||
| 050 | 4 | _aCT | |
| 050 | 4 | _aF975 | |
| 100 | 1 | _aJohnson, Charles, active 1724-1731 | |
| 245 | 1 | 0 |
_aPirates _h[electronic resource] / _cCharles, active 1724-1731 Johnson |
| 260 |
_bProject Gutenberg, _c2008 |
||
| 506 | _aPublic domain in the USA. | ||
| 516 | _aElectronic text | ||
| 653 | _aPirates -- History -- 17th century | ||
| 653 | _aPirates -- Biography | ||
| 700 | 1 |
_aFraser, Claud Lovat, _d1890-1921 |
|
| 830 | 0 |
_aProject Gutenberg _v24439 |
|
| 856 | 4 | 0 | _uhttp://www.gutenberg.org/ebooks/24439 |
| 942 | _cEB | ||
| 999 |
_c253694 _d253694 |
||